000 00801nam a2200265 a 4500
001 865
003 BR-CuiBMT
005 20231212142726.0
008 231121s2014 spba 000 0 por d
020 _a9788502214040
040 _aBR-CuiBMT
_cBR-CuiBMT
080 _a347.65
_22007
090 _a347.65
_bG635d
_c16. ed.
100 1 0 _aGonçalves, Carlos Roberto,
_d1938-
245 1 0 _aDireito das sucessões /
_cCarlos Roberto Gonçalves.
250 _a16. ed.
260 _aSão Paulo :
_bSaraiva,
_c2014.
300 _a181 p. :
_bil. color. ;
_c21 cm
490 1 _aColeção sinopses jurídicas ;
_vv. 4
590 _aA Biblioteca possui a 2. reimpr. 2014.
650 _aDireito civil
_zBrasil
650 _aDireito das sucessões
_zBrasil
830 0 _aSinopses jurídicas ;
_v4
942 _2udc
_cLV
999 _c865
_d865